[Event "IECG CP.2006.P.00020 email"]
[Site "IECG email"]
[Date "2006.10.01"]
[Round "?"]
[White "Phillips, David A"]
[Black "Wolff, Steven D"]
[Result "0-1"]
[WhiteElo "1107"]
[BlackElo "2014"]
[PlyCount "102"]
[EventDate "2006.10.01"]
[EventType "tourn (corr)"]
[EventRounds "6"]
[SourceTitle "Corr 2011"]
[Source "ChessBase"]
[SourceDate "2010.08.31"]
[SourceVersion "1"]
[SourceVersionDate "2010.08.31"]
[SourceQuality "1"]

1. d4 Nf6 2. Nf3 b6 3. e4 Nxe4 4. Bd3 Bb7 5. 0-0 e6 6. Re1 Nf6 7. Nc3 Be7 8. Bg5 0-0 9. Qd2 d6 10. Qe2 Nbd7 11. Bxf6 Nxf6 12. Ng5 Qd7 13. Nce4 Nxe4 14. Nxe4 c5 15. dxc5 bxc5 16. Ng3 Rab8 17. b3 Rfd8 18. Rad1 Qc6 19. Be4 d5 20. Bf3 Bf6 21. c4 Bc3 22. Rf1 Qc7 23. Qc2 Be5 24. cxd5 exd5 25. Rc1 Bd6 26. Rfd1 Bf8 27. Nf5 Rd7 28. b4 c4 29. Ne3 Rbd8 30. a3 g6 31. h3 Qb6 32. Ng4 Bg7 33. Re1 h5 34. Nh2 a5 35. Rb1 axb4 36. Rxb4 Qa7 37. a4 Bc6 38. g4 h4 39. Nf1 Rc7 40. Bg2 Bf8 41. Rb2 Bxa4 42. Qc1 Qc5 43. Qg5 Be7 44. Qe5 d4 45. Ra2 Qxe5 46. Rxe5 Bb3 47. Rae2 Bf6 48. Re8+ Rxe8 49. Rxe8+ Kg7 50. Nd2 Ba4 51. Ra8 c3 0-1

[Event "IECG CP.2002.Q.00011 email"]
[Site "IECG email"]
[Date "2003.10.01"]
[Round "?"]
[White "Cottegnie, Francis"]
[Black "Wolff, Steven D"]
[Result "1-0"]
[WhiteElo "2287"]
[BlackElo "2019"]
[PlyCount "81"]
[EventDate "2003.10.01"]
[EventType "tourn (corr)"]
[EventRounds "10"]
[SourceTitle "Corr 2008"]
[Source "ChessBase"]
[SourceDate "2008.06.24"]
[SourceVersion "1"]
[SourceVersionDate "2008.06.24"]
[SourceQuality "1"]

1. Nc3 d5 2. d4 Nf6 3. Bg5 Bf5 4. e3 Nbd7 5. Bd3 Bxd3 6. cxd3 e6 7. Nf3 c6 8. 0-0 Be7 9. Rc1 h6 10. Bh4 0-0 11. Re1 Rc8 12. a3 Re8 13. e4 a5 14. Rc2 Nb6 15. e5 Nh7 16. Bxe7 Qxe7 17. Qd2 Nf8 18. Ne2 a4 19. Qf4 Ng6 20. Qg3 Nd7 21. Nc3 Nb6 22. h4 Qd7 23. Nd1 Ra8 24. Ne3 Ne7 25. h5 Kh7 26. Nh4 Rg8 27. f4 Raf8 28. Rf2 f5 29. Ng6 Rf7 30. Rb1 Ra8 31. b4 axb3 32. Nxe7 Rxe7 33. Qg6+ Kh8 34. g4 fxg4 35. f5 exf5 36. Nxf5 Re6 37. Qxg4 Rxa3 38. Nh4 Ra8 39. Ng6+ Kg8 40. Rbf1 Ree8 41. e6 1-0

[Event "IECG CP.2002.Q.00004 email"]
[Site "IECG email"]
[Date "2003.10.01"]
[Round "?"]
[White "Fineboim, Igor"]
[Black "Wolff, Steven D"]
[Result "1/2-1/2"]
[WhiteElo "2161"]
[BlackElo "2072"]
[PlyCount "124"]
[EventDate "2003.10.01"]
[EventType "tourn (corr)"]
[EventRounds "10"]
[SourceTitle "Corr 2008"]
[Source "ChessBase"]
[SourceDate "2008.06.24"]
[SourceVersion "1"]
[SourceVersionDate "2008.06.24"]
[SourceQuality "1"]

1. e4 Nc6 2. d4 e5 3. dxe5 Nxe5 4. f4 Ng6 5. Be3 Bb4+ 6. c3 Ba5 7. Nf3 Bb6 8. Bxb6 axb6 9. f5 Nf8 10. Qd4 Qf6 11. Bc4 d6 12. e5 Qxf5 13. 0-0 Ne6 14. Bxe6 Bxe6 15. exd6 Qc5 16. dxc7 Nf6 17. Nbd2 0-0 18. a3 Rac8 19. Rae1 Rxc7 20. Re5 Bd5 21. Nb3 Qc6 22. Qd1 Rd7 23. Nbd4 Qc7 24. Rfe1 Ng4 25. R5e2 Bxf3 26. gxf3 Nf6 27. Re5 Nd5 28. Qe2 Nf4 29. Qe3 Ng6 30. Re4 Qd6 31. Kh1 Rdd8 32. Qg5 Qd7 33. Qf5 Qd6 34. Qg4 Qd5 35. R4e2 Rd7 36. Qg3 Qc5 37. Re8 Rd8 38. R8e3 Rc8 39. f4 Qd5+ 40. Kg1 f6 41. R1e2 Qd6 42. f5 Qxg3+ 43. Rxg3 Ne5 44. Ne6 Rf7 45. h4 Kh8 46. h5 Rd7 47. Reg2 Rd1+ 48. Kh2 Rc4 49. Nd4 Rc7 50. a4 Re7 51. b3 Rd7 52. Re2 h6 53. Kg2 Kg8 54. Rge3 Rd5 55. Ne6 Rb1 56. c4 Rd3 57. Rxd3 Nxd3 58. Kf3 Rxb3 59. Ke4 Ra3 60. Re3 Nf2+ 61. Kd4 Rxe3 62. Kxe3 Nd1+ 1/2-1/2

[Event "IECG CA.2003.0.00087 email"]
[Site "IECG email"]
[Date "2003.03.16"]
[Round "?"]
[White "Cade, Stephen"]
[Black "Wolff, Steven D"]
[Result "1-0"]
[WhiteElo "2040"]
[BlackElo "2047"]
[PlyCount "145"]
[EventDate "2003.03.16"]
[EventType "tourn (corr)"]
[EventRounds "6"]
[SourceTitle "Corr 2008"]
[Source "ChessBase"]
[SourceDate "2008.06.24"]
[SourceVersion "1"]
[SourceVersionDate "2008.06.24"]
[SourceQuality "1"]

1. d4 Nf6 2. c4 e6 3. Nf3 Bb4+ 4. Nbd2 0-0 5. a3 Bxd2+ 6. Bxd2 d6 7. Bg5 Nbd7 8. e3 e5 9. Be2 Qe7 10. 0-0 Re8 11. Qc2 Nf8 12. c5 Bg4 13. cxd6 cxd6 14. dxe5 dxe5 15. Bxf6 Qxf6 16. Qe4 Bxf3 17. Bxf3 Re7 18. Rfd1 Qb6 19. b4 Rd8 20. Rxd8 Qxd8 21. Rd1 Qc7 22. h3 g6 23. b5 Ne6 24. Qa4 Qc5 25. Rd5 Qc1+ 26. Kh2 b6 27. Rd6 Qc7 28. Rc6 Qd8 29. Qh4 Kg7 30. Bg4 Qd7 31. a4 Re8 32. Qg3 f6 33. Bf5 Qf7 34. Qg4 Nc5 35. a5 Rb8 36. h4 h5 37. Qg3 Kh7 38. Bc2 Rd8 39. axb6 axb6 40. Rxb6 Rd2 41. Bb1 Rb2 42. Rc6 Rxb1 43. Rxc5 Qe7 44. Rd5 Rb4 45. f3 Qe8 46. Rd6 Qe7 47. Rb6 Rb1 48. e4 Qc5 49. Rxf6 Qg1+ 50. Kh3 Qh1+ 51. Qh2 Qxh2+ 52. Kxh2 Rxb5 53. Rf7+ Kg8 54. Ra7 Kf8 55. Kh3 Rc5 56. g4 Kg8 57. gxh5 gxh5 58. Kg3 Rb5 59. Rd7 Rb6 60. Rd5 Re6 61. f4 Rg6+ 62. Kf3 Rg4 63. Rxe5 Rxh4 64. Rg5+ Kf8 65. e5 Rh1 66. f5 h4 67. Rh5 Kg7 68. Kg4 Rg1+ 69. Kxh4 Re1 70. f6+ Kg6 71. Rg5+ Kh6 72. Rf5 Kg6 73. f7 1-0

[Event "IECG CP.2002.P.00070 email"]
[Site "IECG email"]
[Date "2002.10.01"]
[Round "?"]
[White "Wolff, Steven D"]
[Black "Dessirieix, Lionel"]
[Result "1-0"]
[WhiteElo "2072"]
[BlackElo "1904"]
[PlyCount "85"]
[EventDate "2002.10.01"]
[EventType "tourn (corr)"]
[EventRounds "6"]
[EventCountry "USA"]
[SourceTitle "Corr 2008"]
[Source "ChessBase"]
[SourceDate "2008.06.24"]
[SourceVersion "1"]
[SourceVersionDate "2008.06.24"]
[SourceQuality "1"]

1. c4 e5 2. g3 d6 3. Bg2 f5 4. Nc3 Nf6 5. e3 Be7 6. Nge2 c6 7. 0-0 0-0 8. b4 Be6 9. d3 d5 10. f4 e4 11. Nd4 Bf7 12. Nxf5 Bxb4 13. Bb2 Qa5 14. Rc1 Nbd7 15. cxd5 cxd5 16. dxe4 dxe4 17. Nd6 Bxd6 18. Qxd6 Nc5 19. Nd5 Bxd5 20. Rxc5 Qb6 21. Rxd5 Qxb2 22. Rd2 Qc3 23. Qd4 Rac8 24. Bh3 Rc5 25. Be6+ Kh8 26. Rfd1 Qxd4 27. Rxd4 h6 28. h3 g5 29. Rc4 Rxc4 30. Bxc4 Rc8 31. Bb3 Kg7 32. Kf2 a5 33. Rd6 g4 34. h4 b5 35. Rb6 a4 36. Rb7+ Kh8 37. Be6 Rc2+ 38. Ke1 Rg2 39. Rb8+ Kg7 40. Rb7+ Kh8 41. Rf7 Nh5 42. f5 Nxg3 43. f6 1-0

[Event "IECG CA.2002.0.00054 email"]
[Site "IECG email"]
[Date "2002.06.04"]
[Round "?"]
[White "Bourgault, Pierre"]
[Black "Wolff, Steven D"]
[Result "1-0"]
[WhiteElo "2116"]
[BlackElo "2105"]
[PlyCount "91"]
[EventDate "2002.06.04"]
[EventType "tourn (corr)"]
[EventRounds "6"]
[SourceTitle "Corr 2008"]
[Source "ChessBase"]
[SourceDate "2008.06.24"]
[SourceVersion "1"]
[SourceVersionDate "2008.06.24"]
[SourceQuality "1"]

1. e4 d6 2. d4 Nf6 3. Nc3 g6 4. Bg5 Bg7 5. f3 Nbd7 6. Qd2 c5 7. Nge2 Qa5 8. dxc5 Nxc5 9. Bxf6 Bxf6 10. Nd5 Qxd2+ 11. Kxd2 Be6 12. Nxf6+ exf6 13. Nc3 a6 14. h4 Rc8 15. h5 Nd7 16. Re1 0-0 17. Bd3 Rc5 18. f4 Rfc8 19. a3 Kg7 20. hxg6 fxg6 21. Nd5 Re8 22. b4 Rcc8 23. c4 Bxd5 24. exd5 f5 25. Kc3 Nf6 26. Kd4 Nh5 27. Rxe8 Rxe8 28. Rf1 Ng3 29. Rf3 Ne2+ 30. Bxe2 Rxe2 31. c5 Re4+ 32. Kd3 Kf7 33. Rf2 Ke7 34. Re2 Rxe2 35. Kxe2 h6 36. a4 a5 37. c6 bxc6 38. bxa5 Kd7 39. a6 Kc7 40. a7 Kb7 41. dxc6+ Kxa7 42. a5 g5 43. Ke3 g4 44. Kd4 h5 45. Kd5 h4 46. c7 1-0

[Event "IECG CA.2002.0.00054 email"]
[Site "IECG email"]
[Date "2002.06.04"]
[Round "?"]
[White "Simon, Holger"]
[Black "Wolff, Steven D"]
[Result "1-0"]
[WhiteElo "2006"]
[BlackElo "2105"]
[PlyCount "65"]
[EventDate "2002.06.04"]
[EventType "tourn (corr)"]
[EventRounds "6"]
[SourceTitle "Corr 2008"]
[Source "ChessBase"]
[SourceDate "2008.06.24"]
[SourceVersion "1"]
[SourceVersionDate "2008.06.24"]
[SourceQuality "1"]

1. d4 Nf6 2. c4 g6 3. Nc3 d5 4. cxd5 Nxd5 5. e4 Nxc3 6. bxc3 Bg7 7. Nf3 c5 8. Rb1 0-0 9. Be2 cxd4 10. cxd4 Qa5+ 11. Bd2 Qxa2 12. 0-0 Bg4 13. Bg5 h6 14. Be3 Nc6 15. d5 Na5 16. Bc5 Rfe8 17. Bb5 Rec8 18. Bxe7 a6 19. Bd3 b5 20. h3 Bd7 21. Re1 Nc4 22. e5 Qa5 23. e6 fxe6 24. Bxg6 e5 25. d6 Rc5 26. Ng5 Qd2 27. Qf3 Rac8 28. Bf7+ Kh8 29. Qe4 hxg5 30. Qg6 g4 31. Bf6 Bxf6 32. Qxf6+ Kh7 33. Bg6+ 1-0

[Event "IECG CA.2002.0.00054 email"]
[Site "IECG email"]
[Date "2002.06.04"]
[Round "?"]
[White "Wolff, Steven D"]
[Black "Croad, Nicolas"]
[Result "1-0"]
[WhiteElo "2105"]
[BlackElo "2000"]
[PlyCount "73"]
[EventDate "2002.06.04"]
[EventType "tourn (corr)"]
[EventRounds "6"]
[SourceTitle "Corr 2008"]
[Source "ChessBase"]
[SourceDate "2008.06.24"]
[SourceVersion "1"]
[SourceVersionDate "2008.06.24"]
[SourceQuality "1"]

1. c4 Nf6 2. Nc3 c6 3. e4 e5 4. f4 exf4 5. e5 Ng8 6. d4 Qh4+ 7. Ke2 d6 8. Nf3 Bg4 9. Bxf4 Nd7 10. Qe1 Qh5 11. exd6 0-0-0 12. Kf2 Nh6 13. Qd2 Nf5 14. Ne4 Nf6 15. Nxf6 gxf6 16. c5 Bxf3 17. gxf3 Qh4+ 18. Ke2 Bh6 19. Bxh6 Nxh6 20. Kd3 Nf5 21. f4 Rhe8 22. Bg2 Re3+ 23. Kc4 b5+ 24. Kb4 Qxf4 25. Bh3 Rb3+ 26. Kxb3 Qxd2 27. Bxf5+ Kb7 28. Rad1 Qf2 29. Rhf1 Qxh2 30. Rde1 Qd2 31. Rd1 Qa5 32. a3 Qa4+ 33. Ka2 b4 34. Rd3 a5 35. Rb3 Re8 36. Bc2 Kc8 37. Rxf6 1-0

[Event "IECG CM.2001.0.00133"]
[Site "IECG email"]
[Date "2001.02.25"]
[Round "?"]
[White "Groffen, Hans"]
[Black "Wolff, Steven D"]
[Result "1/2-1/2"]
[WhiteElo "2224"]
[BlackElo "2202"]
[PlyCount "97"]
[EventDate "2001.02.25"]
[EventType "tourn (corr)"]
[EventRounds "6"]
[SourceTitle "Corr 2008"]
[Source "ChessBase"]
[SourceDate "2008.06.24"]
[SourceVersion "1"]
[SourceVersionDate "2008.06.24"]
[SourceQuality "1"]

1. d4 Nf6 2. c4 g6 3. Nc3 d5 4. cxd5 Nxd5 5. e4 Nxc3 6. bxc3 Bg7 7. Nf3 c5 8. Rb1 0-0 9. Be2 cxd4 10. cxd4 Qa5+ 11. Bd2 Qxa2 12. 0-0 Bg4 13. Bg5 h6 14. Be3 Nc6 15. d5 Ne5 16. Rxb7 e6 17. d6 Rfd8 18. Re1 Bxf3 19. gxf3 Qa5 20. Rf1 Bf8 21. d7 Qa2 22. Bb5 a6 23. Ba4 Nxf3+ 24. Kg2 Nh4+ 25. Kh1 Qc4 26. f3 Be7 27. Bxh6 Rdb8 28. Rxb8+ Rxb8 29. Bf4 Qa2 30. Rg1 Rf8 31. Bc7 Nxf3 32. Bb3 Qf2 33. Rf1 Qa7 34. Bd6 Qxd7 35. Bxe7 Qxe7 36. Qxf3 Ra8 37. e5 Ra7 38. Qe4 Qb7 39. Qxb7 Rxb7 40. Bc4 a5 41. Re1 Rb2 42. Re3 a4 43. Ra3 Rb1+ 44. Kg2 Re1 45. Rxa4 Rxe5 46. Ra7 g5 47. Kf3 Kg7 48. Bd3 Rd5 49. Ke3 1/2-1/2

[Event "IECG CM.2001.0.00133"]
[Site "IECG email"]
[Date "2001.02.25"]
[Round "?"]
[White "Raidna, Raivo I"]
[Black "Wolff, Steven D"]
[Result "1-0"]
[WhiteElo "2225"]
[BlackElo "2202"]
[PlyCount "41"]
[EventDate "2001.02.25"]
[EventType "tourn (corr)"]
[EventRounds "6"]
[SourceTitle "Corr 2008"]
[Source "ChessBase"]
[SourceDate "2008.06.24"]
[SourceVersion "1"]
[SourceVersionDate "2008.06.24"]
[SourceQuality "1"]

1. e4 d6 2. d4 Nf6 3. Nc3 g6 4. Be3 c6 5. Qd2 b5 6. f3 Nbd7 7. a4 b4 8. Nd1 a5 9. c3 bxc3 10. Nxc3 Nb6 11. Bd3 Ba6 12. Bxa6 Rxa6 13. Nge2 Ra8 14. Nd1 Nfd7 15. Qc3 Bg7 16. Qxc6 0-0 17. Qb5 Qb8 18. Rc1 Rc8 19. Rxc8+ Qxc8 20. b3 Qc2 21. Bd2 1-0

[Event "IECG CM.2001.0.00133"]
[Site "IECG email"]
[Date "2001.02.25"]
[Round "?"]
[White "Wolff, Steven D"]
[Black "Grazinys, Vidmantas"]
[Result "1-0"]
[WhiteElo "2202"]
[BlackElo "2092"]
[PlyCount "41"]
[EventDate "2001.02.25"]
[EventType "tourn (corr)"]
[EventRounds "6"]
[SourceTitle "Corr 2008"]
[Source "ChessBase"]
[SourceDate "2008.06.24"]
[SourceVersion "1"]
[SourceVersionDate "2008.06.24"]
[SourceQuality "1"]

1. e4 e5 2. Nf3 Nc6 3. d4 exd4 4. Bc4 Nf6 5. 0-0 Nxe4 6. Re1 d5 7. Bxd5 Qxd5 8. Nc3 Qa5 9. Nxe4 Be6 10. Bd2 Qf5 11. Bg5 h6 12. Bh4 Bc5 13. b4 Bxb4 14. Nxd4 Nxd4 15. Qxd4 Bxe1 16. Qxg7 Bxf2+ 17. Nxf2 Qh7 18. Qg3 Qxc2 19. Bf6 Rf8 20. Qa3 c5 21. Rc1 1-0

[Event "IECG CP.2000.P.00117"]
[Site "IECG email"]
[Date "2000.10.01"]
[Round "?"]
[White "Wolff, Steven D"]
[Black "Castillo, German"]
[Result "0-1"]
[WhiteElo "2215"]
[BlackElo "1803"]
[PlyCount "122"]
[EventDate "2000.10.01"]
[EventType "tourn (corr)"]
[EventRounds "6"]
[EventCountry "ARG"]
[SourceTitle "Corr 2008"]
[Source "ChessBase"]
[SourceDate "2008.06.24"]
[SourceVersion "1"]
[SourceVersionDate "2008.06.24"]
[SourceQuality "1"]

1. e4 c5 2. c3 Nc6 3. d4 cxd4 4. cxd4 d5 5. exd5 Qxd5 6. Nf3 e5 7. Nc3 Bb4 8. Bd2 Bxc3 9. Bxc3 e4 10. Ne5 Nxe5 11. dxe5 Ne7 12. Be2 Bd7 13. 0-0 0-0 14. Qc1 Ba4 15. b3 Bb5 16. Rd1 Bd3 17. Qe3 Rfd8 18. Rd2 Qc6 19. Bb2 Nd5 20. Qg3 Qh6 21. Bc1 Rac8 22. Rc2 Qa6 23. Rxc8 Rxc8 24. Qg4 Rd8 25. Bxd3 exd3 26. Bd2 Nc7 27. Qb4 Ne6 28. f4 Nd4 29. Qa5 Qxa5 30. Bxa5 d2 31. Rd1 b6 32. Bb4 Ne2+ 33. Kf2 Nxf4 34. Rxd2 Rxd2+ 35. Bxd2 Nd3+ 36. Ke3 Nxe5 37. Ke4 f6 38. Kd5 Kf7 39. Kd6 Ng4 40. h3 Nf2 41. Kc7 Ne4 42. Bb4 Ke6 43. Kb7 Kd5 44. Kxa7 Kc6 45. Be7 h5 46. h4 Ng3 47. a4 Nf5 48. Bd8 Nxh4 49. Bxb6 Nxg2 50. a5 Nf4 51. a6 Ne6 52. b4 h4 53. Bg1 Nc7 54. Bh2 Nb5+ 55. Kb8 g5 56. a7 Nxa7 57. Kxa7 Kb5 58. Kb7 f5 59. Kc7 f4 60. Kd6 f3 61. Bg1 g4 0-1

[Event "CCLA-ch11 corr"]
[Site "Canada"]
[Date "1995.??.??"]
[Round "?"]
[White "Thompson, Paul L"]
[Black "Wolff, Steven D"]
[Result "1-0"]
[WhiteElo "2420"]
[BlackElo "2270"]
[PlyCount "61"]
[EventDate "1995.??.??"]
[EventType "tourn (corr)"]
[EventRounds "10"]
[EventCountry "CAN"]
[SourceTitle "Corr 2000"]
[Source "ChessBase"]
[SourceDate "2000.04.19"]
[SourceVersion "1"]
[SourceVersionDate "2000.04.19"]
[SourceQuality "1"]

1. d4 Nf6 2. c4 e6 3. Nf3 c5 4. d5 exd5 5. cxd5 d6 6. Nc3 g6 7. e4 Bg7 8. h3 0-0 9. Bd3 b5 10. Nxb5 Re8 11. 0-0 Nxe4 12. Re1 a6 13. Na3 Nf6 14. Rxe8+ Nxe8 15. Bg5 Bf6 16. Qd2 Ra7 17. Nc4 Bxg5 18. Nxg5 Re7 19. Qf4 Nd7 20. Nxd6 Ne5 21. Nxc8 Qxc8 22. Bf1 Qb7 23. Rd1 Qxb2 24. d6 Rd7 25. Re1 f6 26. Bc4+ Kh8 27. Be6 Nd3 28. Qe3 Nxe1 29. Bxd7 Nxd6 30. Qe7 Nf3+ 31. Nxf3 1-0